| 000 | 00548nam a2200193Ia 4500 | ||
|---|---|---|---|
| 003 | GCL | ||
| 008 | 140319s9999 xx 000 0 ara d | ||
| 040 |
_aGCL / _cGCL |
||
| 082 | 0 | 4 |
_a301.3 _bد ب |
| 100 | 1 | _aدينيس ف. اوين | |
| 245 | 1 | 0 |
_aالبيئة وقضاياها / _cدينيس ف. اوين |
| 700 | 1 | _aاحمد مستجير | |
| 260 |
_a[S.N] : _bجامعة القاهرة - كلية الاداب ، _c1991 |
||
| 300 | _a214 ص | ||
| 490 | _a | ||
| 650 | 0 | 4 | _aالبيئة |
| 650 | 0 | 4 | _aعلم البيئة |
| 942 |
_2ddc _cBK |
||
| 999 |
_c46303 _d46303 |
||